Svet : Aktuálny atlas

Gespeichert in:
Bibliographische Detailangaben
Format: Buch
Sprache:Slowakisch
Veröffentlicht: Bratislava : Slovenská kartografia, 1993
Ausgabe:1.vyd.
Tags: Tag hinzufügen
Keine Tags, Fügen Sie das erste Tag hinzu!

MARC

LEADER 00000nam a22000003a 4500
001 stu298745
005 20150408170205.6
008 140930s--------xo------------------slo-d
020 |a 80-7103-122-4 
040 |a STU  |b slo 
041 0 |a slo 
044 |a xo 
245 |a Svet :  |b Aktuálny atlas 
250 |a 1.vyd. 
260 |a Bratislava :  |b Slovenská kartografia,  |c 1993 
300 |a 49 s 
996 |b 284V036464  |c V*6992/K-1476  |l VVT  |s A  |a 24  |w stu298745_0001